| 000 | 00568nam a2200181Ia 4500 | ||
|---|---|---|---|
| 008 | 100917s9999 xx 000 0 und d | ||
| 082 | _b36032 | ||
| 100 | _aगोखले बापू | ||
| 245 | _aअंबा-तुकाई महात्म्य | ||
| 260 |
_bपद्रमजा प्रकाशन _c--- |
||
| 300 | _a42 | ||
| 365 | _b2 | ||
| 520 | _aनाटक | ||
| 630 | _aअंबा-तुकाई महात्म्य | ||
| 650 | _aनाटक | ||
| 730 | _aअंबा-तुकाई महात्म्य | ||
| 942 | _cBOOK | ||
| 999 |
_c641426 _d641423 |
||